Magyarok és románok

Elmentve itt :
Bibliográfiai részletek
Szerző: ZZZ
Adatforrás:Meister
Forrásdokumentuma:Korunk. -
1 sz., 1995, 113-118 p.
Nyelv:magyar
Kulcsszavak:politikai publicisztika
magyar-román kapcsolatok
LEADER 00342nab a2200133 i 4500
001 bibPRO00000195
008 060524s1995 xx hun
040 |a Sz1 
041 |a hun 
100 1 |a ZZZ 
245 1 0 |a Magyarok és románok  |c ZZZ 
695 |a politikai publicisztika 
695 |a magyar-román kapcsolatok 
773 0 |t Korunk. -  |g 1 sz., 1995, 113-118 p.